Benito Pérez Galdos

Salvato in:
Dettagli Bibliografici
Autore principale: Rogers, Douglass M (Autore)
Natura: Libro
Lingua:spagnolo
Pubblicazione: Madrid Taurus 1973
Serie:<El >Escritor y la Crítica
Soggetti:
Tags: Aggiungi Tag
Nessun Tag, puoi essere il primo ad aggiungerne!!

MARC

LEADER 00000nam a2200000 a 4500
001 UCT6629
003 CL-VaPUC
008 970113e19730000SP |||||||||||||||||spa|d
082 0 4 |a 863.09  |b ROG  |2 21 
100 0 |a Rogers, Douglass M  |e author  |9 376882 
245 1 0 |a Benito Pérez Galdos 
300 |a 485 p 
942 |c BK 
945 |d 19970113 00:00:00  |a rleighto 
260 |a Madrid  |b Taurus  |c 1973 
600 0 7 |a PEREZ GALDOS, BENITO  |2 CL-VaPUC  |9 318144 
650 7 |a NOVELA ESPAÑOLA  |2 CL-VaPUC  |9 313139 
650 0 |a Crítica e interpretación   |9 255042 
650 0 |a Crítica literaria   |9 269189 
583 |a last modification  |c 19970113 00:00:00  |k Rodrigo Vera 
490 0 |a <El >Escritor y la Crítica 
999 |c 255313  |d 255311 
952 |0 0  |1 0  |4 0  |6 863_090000000000000_ROG_1973  |7 0  |8 A  |9 277515  |a BIBEDU  |b BIBEDU  |d 2019-11-19  |i 3273857  |o 863.09 ROG 1973  |p 3273857  |r 2019-11-19  |w 2019-11-19  |y BK  |k LIT